| 000 | 006390000a22001810004500 | ||
|---|---|---|---|
| 003 | MACL | ||
| 005 | 20160515115234.0 | ||
| 008 | 160515b xxu||||| |||| 00| 0 eng d | ||
| 040 |
_aMACL _cMACL |
||
| 041 | _aHindi | ||
| 082 | _a891.431 DEV | ||
| 100 |
_aदेवसरे, हरिकृष्ण _919660 |
||
| 245 |
_aग्रिम बंधुओं की कहानियॉ _bभाग 2 _cहरिकृष्ण देवसरे |
||
| 260 |
_bसाहित्य अकादेमी _c2008 _aनई दिल्ली |
||
| 350 | _a90 | ||
| 650 |
_aStories _957363 |
||
| 942 |
_cHIN _k891.433/DEV/S _2ddc |
||
| 999 |
_c21899 _d21899 |
||